Statistics for The Elements of the Periodic Table

Click here to take the quiz!

General Stats

  • This quiz has been taken 7,199 times
    (7,191 since last reset)
  • The average score is 66 of 118

Answer Stats

HintAnswer% Correct
HeHelium
98%
HHydrogen
98%
LiLithium
97%
OOxygen
97%
CCarbon
96%
NNitrogen
95%
MgMagnesium
94%
AlAluminum
92%
FeIron
92%
AuGold
90%
KPotassium
90%
AgSilver
90%
NaSodium
90%
ZnZinc
90%
BBoron
89%
CuCopper
89%
ArArgon
88%
CaCalcium
88%
NeNeon
88%
SiSilicon
86%
NiNickel
84%
SSulfur
81%
CoCobalt
80%
TiTitanium
80%
BeBeryllium
79%
KrKrypton
78%
MnManganese
78%
XeXenon
78%
PPhosphorus
77%
UUranium
77%
FFluorine
74%
PbLead
74%
ChChlorine
73%
CrChromium
73%
IIodine
73%
SnTin
73%
AsArsenic
72%
BrBromine
72%
GeGermanium
70%
HgMercury
69%
SeSelenium
68%
GaGallium
67%
BaBarium
66%
PuPlutonium
64%
RbRubidium
64%
VVanadium
64%
ScScandium
63%
CdCadmium
62%
FrFrancium
62%
ZrZirconium
61%
EsEinsteinium
60%
RnRadon
60%
WTungsten
60%
CsCesium
59%
PtPlatinum
58%
RaRadium
57%
YYttrium
56%
IrIridium
54%
SrStrontium
54%
AmAmericium
53%
BiBismuth
52%
InIndium
52%
PdPalladium
52%
CfCalifornium
51%
PoPolonium
51%
NpNeptunium
49%
SbAntimony
48%
EuEuropium
48%
OsOsmium
48%
RhRhodium
48%
MoMolybdenum
45%
RfRutherfordium
45%
CmCurium
42%
TeTellurium
42%
LwLawrencium
41%
NoNobelium
41%
AtAstatine
40%
HfHafnium
40%
YbYtterbium
40%
ThThorium
39%
AcActinium
38%
CeCerium
38%
TcTechnetium
38%
TlThallium
38%
BkBerkelium
37%
NbNiobium
37%
FmFermium
36%
LaLanthanum
36%
MdMendelevium
35%
ErErbium
34%
RuRuthenium
34%
ReRhenium
33%
TaTantalum
32%
HoHolmium
31%
PmPromethium
30%
SmSamarium
30%
BhBohrium
29%
NdNeodymium
29%
SgSeaborgium
29%
DyDysprosium
28%
GdGadolinium
28%
DbDubnium
27%
LuLutetium
27%
TbTerbium
27%
HsHassium
26%
Uuh/LvLivermorium
26%
PrPraseodymium
24%
PaProtactinium
24%
TmThulium
24%
CnCopernicium
23%
MtMeitnerium
22%
RgRoentgenium
22%
DsDarmstadtium
21%
Uuq/FlFlerovium
20%
UuoUnunoctium
17%
UusUnunseptium
17%
UupUnunpentium
16%
UutUnuntrium
15%

Score Distribution

Percentile by Number Answered

Percent of People with Each Score

Your Score History

You have not taken this quiz since the last reset